Statistics for Top 10 Most Common Cars in the UK in 2013

Click here to take the quiz!

General Stats

  • This quiz has been taken 70 times
  • The average score is 6 of 10

Answer Stats

AnswerNumber of Cars% Correct
Ford Fiesta1,317,119
88%
Ford Focus1,438,778
84%
Vauxhall Corsa1,151,586
70%
Vauxhall Astra1,106,383
64%
Volkeswagen Golf943,566
61%
Volkeswagen Polo575,545
52%
Renault Clio632,752
51%
Ford Mondeo542,288
45%
BMW 3 Series643,403
34%
Pergeot 206500,950
18%

Score Distribution

Percentile by Number Answered

Percent of People with Each Score

Your Score History

You have not taken this quiz